00717nam a22001937a 450000500170000000800410001702000150005805000220007310000290009524501350012425000110025926000670027030000210033749000320035850400330039065000370042365000240046070000390048420240905093416.0121030t mx ||||| |||| 00| 0 spa d a968360586904aKGF3247bV46 19881 aVenegas Álvarez, Sonia10aOrigen y devenir del ombudsman b : ¿Una institución encomiable? c/ Sonia Venegas Álvarez ; prólogo de Jorge Barrera Graf. a1a ed. aMéxico :bUniversidad Nacional Autónoma de México,c1988 a150 p. ;c23 cm.0 aEstudios doctrinales ;v117 aBibliografía : p. 135-148  72lembaDerechos humanoszMéxico 4aOmbudsmanzMéxico1 aBarrera Graf, Jorge, eprologuista